Loading...

The limits of realism/

Bibliographic Details
Main Author: Tim Button
Format: Printed Book
Published: Oxford: OUP, 2015.
Edition:First Edition.
Subjects:
LEADER 00613cam a2200193 a 4500
020 |a 9780199672172 (hbk.) 
020 |a 0199672172 (hbk.) 
082 0 0 |a 149.2  |b TIM/L 
100 1 |a Tim Button  |9 44383 
245 1 4 |a The limits of realism/  |c by Tim Button. 
250 |a First Edition. 
260 |a Oxford:  |b OUP,  |c 2015. 
300 |a 264p. 
650 0 |a Realism.  |9 44384 
650 0 |a Philosophy of Mind.  |9 44385 
650 0 |a Philosophy  |9 44386 
942 |c BK 
999 |c 59340  |d 59340 
952 |0 0  |1 0  |4 0  |6 149_200000000000000_TIM_L  |7 0  |9 82745  |a SSUS  |b SSUS  |c STACKS  |d 2016-03-08  |g 2052.97  |o 149.2 TIM/L  |p 081290  |r 2016-03-08  |w 2016-03-08  |y BK